Normal view
MARC view
Entry Personal Name
001 - CONTROL NUMBER
- control field: 18066
003 - CONTROL NUMBER IDENTIFIER
- control field: BD-RjUL
005 - DATE AND TIME OF LATEST TRANSACTION
- control field: 20260408112431.0
008 - FIXED-LENGTH DATA ELEMENTS
- fixed length control field: 260408|| aca||aabn | a|a d
040 ## - CATALOGING SOURCE
- Original cataloging agency: BD-RjUL
- Transcribing agency: BD-RjUL
100 ## - HEADING--PERSONAL NAME
- Personal name: Khanam, Khadiza, Submitted by
670 ## - SOURCE DATA FOUND
- Source citation: Work cat.: (BD-RjUL)86336: Khanam, Khadiza, Submitted by, Pharmacological Evaluation of Emblica Officinalis in Combination with Linagliptin on Streptozotocin Induced Diabetic Rats /, 2024